Formas políticas en Iberoamérica: 1945-1975
Guardat en:
| Autor principal: | |
|---|---|
| Format: | Llibre |
| Idioma: | espanyol |
| Publicat: |
Barcelona
Planeta
1975
|
| Col·lecció: | Biblioteca Cultural, 10
|
| Matèries: | |
| Etiquetes: |
Afegir etiqueta
Sense etiquetes, Sigues el primer a etiquetar aquest registre!
|
MARC
| LEADER | 00000cam a2200000 a 4500 | ||
|---|---|---|---|
| 001 | UCF0121 | ||
| 003 | CL-VaPUC | ||
| 008 | 120427e19750000SP |||||||||||||||||spa|d | ||
| 020 | |a 8432026166 | ||
| 082 | 0 | 4 | |a 980.033 |b HER |2 21 |
| 100 | |a Hernández Sánchez-Barba, Mario |e author |9 561954 | ||
| 245 | 1 | 0 | |a Formas políticas en Iberoamérica: 1945-1975 |
| 300 | |a 155 p | ||
| 942 | |c BK | ||
| 945 | |d 20120427 00:00:00 |a dcastane | ||
| 260 | |a Barcelona |b Planeta |c 1975 | ||
| 650 | 7 | |a HISTORIA IBEROAMERICANA |2 CL-VaPUC |9 533398 | |
| 650 | 7 | |a REVOLUCIONES POLITICAS SIGLO 20 |2 CL-VaPUC |9 533400 | |
| 651 | 0 | |a América Latina |9 255027 | |
| 583 | |a last modification |c 20120910 05:11:56 |k Rodrigo Vera | ||
| 490 | 0 | |a Biblioteca Cultural, 10 | |
| 999 | |c 347602 |d 347600 | ||
| 952 | |0 0 |1 0 |4 0 |6 980_033000000000000_HER_1975 |7 0 |8 A |9 449059 |a BIBHIS |b BIBHIS |d 2019-11-22 |i 4855620 |o 980.033 HER 1975 |p 4855620 |r 2025-01-20 |w 2019-11-22 |y BK |k HIS | ||